000 00153 a2200073 4500
020 _a9781770098404
082 _a327.40 ISTH
245 _aTHE UNSPOKEN ALLIANCE
999 _c753537
_d753536
942 _w475
_xThobile Khumalo
_y475
_zThobile Khumalo